| 000 | 00573cam a22002171 4500 | ||
|---|---|---|---|
| 001 | ne 64001343 | ||
| 003 | DLC | ||
| 005 | 20260227111800.0 | ||
| 008 | 890620s1964 xx abc 000 0 ara | ||
| 010 | _ane 64001343 | ||
| 035 | _a(OCoLC)23489676 | ||
| 040 |
_aDLC _cMiU _dDLC |
||
| 042 | _apremarc | ||
| 050 | 0 | 0 |
_aTC558.E5 _bA833 |
| 100 | 1 | _aAmīn, Muḥammad Ḥusnī. | |
| 245 | 1 | 3 | _aal-Sadd al-ʻĀlī thawrah shāmilah. |
| 260 | _c[1964.] | ||
| 300 |
_a136 p. _billus., ports., map, diagrs. _c24 cm. |
||
| 500 | _aRomanized. | ||
| 651 | 0 | _aAswan High Dam (Egypt) | |
| 999 |
_c47054 _d47054 |
||